Vista normal Vista MARC

Entrada Corporate Name

Número de registros utilizados en: 1

001 - CONTROL NUMBER

  • control field: 40950

003 - CONTROL NUMBER IDENTIFIER

  • control field: OSt

005 - DATE AND TIME OF LATEST TRANSACTION

  • control field: 20211005170102.0

008 - FIXED-LENGTH DATA ELEMENTS

  • fixed length control field: 211005|| aca||aabn | a|a d

040 ## - CATALOGING SOURCE

  • Original cataloging agency: OSt
  • Transcribing agency: OSt

110 ## - HEADING--CORPORATE NAME

  • Corporate name or jurisdiction name as entry element: Centro de Estudios Sobre Desarrollo Económico

670 ## - SOURCE DATA FOUND

  • Source citation: Work cat.: (OSt)12637: Farfán Camacho, Maria Isabel, autor 28794, Impacto economico de la investigacion en café en colombia: el caso de la variedad colombia , 1999.